A Textbook of Matrices (Record no. 1227)

MARC details
000 -LEADER
fixed length control field 00361nam a2200145Ia 4500
008 - FIXED-LENGTH DATA ELEMENTS--GENERAL INFORMATION
fixed length control field 191201s2005 xx 000 0 und d
082 ## - DEWEY DECIMAL CLASSIFICATION NUMBER
Classification number 512.943
Item number SHT
100 ## - MAIN ENTRY--PERSONAL NAME
Personal name Shanti Narayan and MITTAL P K
245 #2 - TITLE STATEMENT
Title A Textbook of Matrices
250 ## - EDITION STATEMENT
Edition statement 11th
260 ## - PUBLICATION, DISTRIBUTION, ETC. (IMPRINT)
Place of publication, distribution, etc N.Delhi
Name of publisher, distributor, etc S Chand and Co. Ltd.
Date of publication, distribution, etc 2005
300 ## - PHYSICAL DESCRIPTION
Extent 309
650 ## - SUBJECT ADDED ENTRY--TOPICAL TERM
Topical term or geographic name as entry element Applied
942 ## - ADDED ENTRY ELEMENTS (KOHA)
Source of classification or shelving scheme Dewey Decimal Classification
Koha item type Text Books
Holdings
Withdrawn status Lost status Source of classification or shelving scheme Damaged status Not for loan Collection code Home library Current library Date acquired Source of acquisition Cost, normal purchase price Bill Number Total Checkouts Full call number Acc. no. / Barcode Date last seen Date last borrowed Bill Date Koha item type
    Dewey Decimal Classification     Applied Sc. PIET C-LIBRARY PIET C-LIBRARY 12/08/2006 M/s UBS Publishers, New Delhi 120.00 125377 6 512.943 SHT 1798 03/02/2026 19/01/2026 18/08/2005 Text Books
    Dewey Decimal Classification     Applied Sc. PIET C-LIBRARY PIET C-LIBRARY 12/08/2006 M/s UBS Publishers, New Delhi 120.00 125377 2 512.943 SHT 1799 03/12/2021 12/11/2021 18/08/2005 Text Books
    Dewey Decimal Classification     Applied Sc. PIET C-LIBRARY PIET C-LIBRARY 12/08/2006 M/s UBS Publishers, New Delhi 120.00 125377 2 512.943 SHT 1800 02/07/2025 16/06/2025 18/08/2005 Text Books

Design & Developed by: PIET Central Library
R70 Miles Stone Pattikalyana Samalkha Panipat 132102
mail ID :- [email protected], Phone No:- 0180-2569700 Ex.216